Central Library OPAC University of Rajshahi

The International Law Commission / (Record no. 44634)

MARC details
000 -LEADER
fixed length control field 00800nam a2200229 a 4500
001 - CONTROL NUMBER
control field 44634
003 - CONTROL NUMBER IDENTIFIER
rucl marc code BD-RjUL
005 - DATE AND TIME OF LATEST TRANSACTION
control field 20211209053907.0
008 - FIXED-LENGTH DATA ELEMENTS--GENERAL INFORMATION
fixed length control field 721129r19661965nyu b 001 0 eng
035 ## - SYSTEM CONTROL NUMBER
System control number OCLC ocm00503163 from D971215M
-- (BD-RjUL)44752
040 ## - CATALOGING SOURCE
Original cataloging agency DLC
Transcribing agency WSU
Modifying agency SER
-- SLU
-- EQO
-- BD-RjUL
Language of cataloging eng
041 ## - LANGUAGE CODE
Language code of text/sound track or separate title eng
082 ## - DEWEY DECIMAL CLASSIFICATION NUMBER
Classification number 341.13
Author mark and year BRI 1966
100 1# - MAIN ENTRY--PERSONAL NAME
Personal name Briggs, Herbert W.
Fuller form of name (Herbert Whittaker),
Dates associated with a name 1900-1990
9 (RLIN) 136918
245 14 - TITLE STATEMENT
Title The International Law Commission /
Statement of responsibility, etc. by Herbert W. Briggs.
260 ## - PUBLICATION, DISTRIBUTION, ETC. (IMPRINT)
Place of publication, distribution, etc. Ithaca, N.Y. :
Name of publisher, distributor, etc. Cornell University Press,
Date of publication, distribution, etc. c1965
-- [printing1966]
300 ## - PHYSICAL DESCRIPTION
Pagination xv, 380 p. ;
Size 24 cm.
504 ## - BIBLIOGRAPHY, ETC. NOTE
Bibliography, etc Includes bibliographical references and index.
610 20 - SUBJECT ADDED ENTRY--CORPORATE NAME
Corporate name or jurisdiction name as entry element United Nations.
Subordinate unit International Law Commission.
942 ## - ADDED ENTRY ELEMENTS (KOHA)
Source of classification or shelving scheme Dewey Decimal Classification
Koha item type Books
Holdings
Lost status Source of classification or shelving scheme Damaged status Not for loan Collection code Permanent Location Current Location Shelving location Date acquired Source of acquisition Cost, normal purchase price Total Checkouts Full call number Date last seen Copy number Koha item type
  Dewey Decimal Classification     Non-fiction Central Library, University of Rajshahi Central Library, University of Rajshahi   05/11/1968 Zeitlinger 811.00   341.13 BRI 1966 18/07/2016 C-2 Books
  Dewey Decimal Classification     Non-fiction Central Library, University of Rajshahi Central Library, University of Rajshahi   23/09/1968 Zeitlinger 18.60   341.13 BRI 1966 27/07/2016 C-3 Books